La humanidad en la encrucijada : segundo informe al Club de Roma /

Este trabajo responde a la necesidad de encarar los problemas del futuro de la humanidad, no considerando a ésta como un conjunto homogéneo, sino en un marco de crecimiento orgánico del mundo, en que las partes regionales se interrelacionan en forma compleja. Este análisis muestra la posibilidad de...

Full description

Bibliographic Details
Main Author: Mesarovic, Mihajlo
Other Authors: Pestel, Eduard
Format: Libro
Language:Spanish
Published: México Fondo de Cultura Económica 1975
Series:Colección Popular 142
Subjects:

MARC

LEADER 00000cam a2200000 a 4500
001 008997
003 UAHC_CL
005 20170803120525.0
008 141229s1975 mx 000 spa
040 |a UAHC_CL  |c UAHC_CL  |d UAHC_CL 
082 0 4 |a 330.904  |b M578  |2 20 
100 1 |a Mesarovic, Mihajlo 
245 1 3 |a La humanidad en la encrucijada :  |b segundo informe al Club de Roma /  |c Mihajlo Mesarovic, Eduard Pestel. 
260 |b Fondo de Cultura Económica  |a México  |c 1975 
300 |a 261 p. 
490 0 |a Colección Popular  |v 142 
520 |a Este trabajo responde a la necesidad de encarar los problemas del futuro de la humanidad, no considerando a ésta como un conjunto homogéneo, sino en un marco de crecimiento orgánico del mundo, en que las partes regionales se interrelacionan en forma compleja. Este análisis muestra la posibilidad de prever los problemas y orientar hacia su solución la actividad del hombre. 
650 4 |a HISTORIA ECONOMICA 
650 4 |a POBLACION 
653 |a GEOGRAFIA 
700 1 |a Pestel, Eduard 
900 |a 330.904 MES 
942 |c BK 
952 |0 0  |1 0  |4 0  |6 330_904000000000000_MES  |7 0  |8 General  |9 19027  |a BC  |b BC  |c General  |d 2017-08-03  |l 0  |o 330.904 MES  |p 1408883  |r 2026-01-13 00:00:00  |t 1  |w 2017-08-03  |y BK 
999 |c 8997  |d 8997